[Event "DEM U10/U10w 2008"]
[Site "Willingen GER"]
[Date "2008.05.12"]
[Round "3"]
[White "Wendland, Tobias"]
[Black "Braun, Nicklas Stefan"]
[Result "1-0"]
[Termination "normal"]
[Board "21"]
[WhiteElo "1314"]
[BlackElo "1097"]
[PlyCount "81"]
[WhiteFideId "24662267"]
[EventCountry "GER"]
[EventRounds "11"]
[EventType "swiss"]
[EventDate "2008.05.10"]

1. d4 d5 2. c4 e6 3. Nc3 Nf6 4. Nf3 Be7 5. Bg5 O-O 6. e3 Nbd7 7. Bd3 b6 8. O-O
Bb7 9. Qe2 c5 10. Rac1 h6 11. Bh4 Qc7 12. Rfd1 Bd6 13. Nb5 Qb8 14. Nxd6 Qxd6
15. Bg3 Qc6 16. h3 Ne4 17. Bh2 f6 18. b3 Nb8 19. Bf4 g5 20. Bh2 Nd7 21. Kf1 h5
22. Kg1 g4 23. hxg4 hxg4 24. Nh4 f5 25. dxc5 Ndxc5 26. cxd5 Qxd5 27. Bb5 Qxd1+
28. Qxd1 Rad8 29. Qe2 Rd2 30. Qc4 Rxf2 31. Qd4 Rf6 32. Qd8+ Rf8 33. Qe7 Rf7 34.
Qe8+ Rf8 35. Qg6+ Kh8 36. Be5+ Rf6 37. Qh6+ Kg8 38. Ng6 Rxg2+ 39. Kxg2 Nd6+ 40.
Kg1 Nf7 41. Ne7# 1-0

[Event "DEM U10/U10w 2008"]
[Site "Willingen GER"]
[Date "2008.05.12"]
[Round "3"]
[White "Hoppe, Jonas"]
[Black "Hartge, Gedeon"]
[Result "1-0"]
[Termination "normal"]
[Board "22"]
[WhiteElo "1280"]
[BlackElo "1064"]
[PlyCount "61"]
[BlackFideId "12932116"]
[EventCountry "GER"]
[EventRounds "11"]
[EventType "swiss"]
[EventDate "2008.05.10"]

1. e4 c5 2. c4 e5 3. Nc3 Nc6 4. d3 d6 5. g3 g6 6. Bg2 Bg7 7. Nge2 Nge7 8. O-O
O-O 9. f4 f5 10. a3 Bd7 11. Rb1 a6 12. b4 Qc8 13. Nd5 fxe4 14. dxe4 Rb8 15.
bxc5 dxc5 16. Nb6 Qc7 17. Qxd7 Rfc8 18. Bh3 h6 19. Nxc8 Rxc8 20. Rxb7 Qd8 21.
Be6+ Kh7 22. f5 gxf5 23. Bxf5+ Kh8 24. Rd1 Qg8 25. Be6 Qf8 26. Rf1 Qe8 27.
Qxe8+ Rxe8 28. Bd7 Rd8 29. Bxc6 Nxc6 30. Rff7 Rd1+ 31. Kf2 1-0

[Event "DEM U10/U10w 2008"]
[Site "Willingen GER"]
[Date "2008.05.12"]
[Round "3"]
[White "Weis, Olga"]
[Black "Palm, Sören"]
[Result "1-0"]
[Termination "normal"]
[Board "23"]
[WhiteElo "1027"]
[BlackElo "1261"]
[PlyCount "99"]
[WhiteFideId "1270234"]
[BlackFideId "12925853"]
[EventCountry "GER"]
[EventRounds "11"]
[EventType "swiss"]
[EventDate "2008.05.10"]

1. e4 e6 2. d4 d5 3. e5 c5 4. c3 Nc6 5. Nf3 Qb6 6. Be3 Qxb2 7. Nfd2 cxd4 8.
cxd4 a6 9. Be2 Bb4 10. O-O Bxd2 11. Qxd2 Qxd2 12. Nxd2 Nge7 13. Nb3 O-O 14. Nc5
b6 15. Na4 b5 16. Nb6 Rb8 17. Nxc8 Rbxc8 18. a4 Nf5 19. Rfd1 Rb8 20. axb5 axb5
21. Rab1 b4 22. Rd3 f6 23. exf6 Rxf6 24. Bf4 Rb7 25. Be5 Rg6 26. Bh5 Rg5 27. g4
Ncxd4 28. Bxd4 Nxd4 29. Rxd4 e5 30. Rxd5 g6 31. h4 gxh5 32. hxg5 hxg4 33. Rxe5
Kf7 34. Re3 Kg6 35. f4 Kf5 36. Reb3 Kxf4 37. Rxb4+ Rxb4 38. Rxb4+ Kxg5 39. Kg2
h5 40. Rb5+ Kf4 41. Rxh5 g3 42. Rh3 Ke5 43. Rxg3 Kd4 44. Kf2 Ke4 45. Ra3 Kd5
46. Ra4 Ke5 47. Kf3 Kd5 48. Ke3 Ke5 49. Ra5+ Ke6 50. Kf4 1-0

[Event "DEM U10/U10w 2008"]
[Site "Willingen GER"]
[Date "2008.05.12"]
[Round "3"]
[White "Keller, Peter"]
[Black "Padelt, Aaron"]
[Result "1-0"]
[Termination "normal"]
[Board "24"]
[WhiteElo "1217"]
[BlackElo "1023"]
[PlyCount "143"]
[WhiteFideId "1272105"]
[EventCountry "GER"]
[EventRounds "11"]
[EventType "swiss"]
[EventDate "2008.05.10"]

1. b3 e5 2. Bb2 Nc6 3. e3 Nf6 4. Bb5 Bd6 5. Ne2 Ne7 6. d4 e4 7. Nec3 c6 8. Be2
Bc7 9. O-O d5 10. Nd2 Qd6 11. f4 Nf5 12. Kf2 g5 13. g3 gxf4 14. gxf4 Bd7 15.
Rg1 O-O-O 16. Nf1 h5 17. h3 Nxe3 18. Nxe3 Qxf4+ 19. Bf3 exf3 20. Qxf3 Qxd4 21.
Ncxd5 Ne4+ 22. Ke2 Qd2+ 23. Kf1 Bxh3+ 24. Qxh3+ Kb8 25. Rg2 Ng5 26. Rxg5 cxd5
27. Rd1 Qb4 28. Rgxd5 Qf4+ 29. Ke2 Rhe8 30. Rxd8+ Bxd8 31. Rd3 f5 32. Ba3 Qg4+
33. Qxg4 hxg4 34. Kf2 Bb6 35. Bd6+ Ka8 36. Bf4 Re4 37. Kg3 a6 38. Nxf5 Bf2+ 39.
Kxg4 Re1 40. Bg5 Re4+ 41. Bf4 Re8 42. Kf3 Bb6 43. Be3 Bc7 44. Rc3 Bb8 45. Bf4
Ba7 46. Nd6 Rf8 47. Rc8+ Rxc8 48. Nxc8 Bc5 49. Be3 Bf8 50. Nb6+ Kb8 51. Nd7+
Kc7 52. Nxf8 Kc6 53. c4 a5 54. a4 Kd6 55. Bd2 b6 56. Ke4 Kc5 57. Ne6+ Kc6 58.
Kd4 Kb7 59. Nc5+ Kc6 60. Bxa5 bxc5+ 61. Kc3 Kb7 62. Bb4 cxb4+ 63. Kxb4 Kb6 64.
c5+ Kb7 65. Kb5 Kc7 66. a5 Kb7 67. c6+ Kb8 68. a6 Ka8 69. c7 Ka7 70. Ka5 Ka8
71. c8=Q+ Ka7 72. Qb7# 1-0

[Event "DEM U10/U10w 2008"]
[Site "Willingen GER"]
[Date "2008.05.12"]
[Round "3"]
[White "Wanner, Lukas"]
[Black "Reimers, Juri"]
[Result "1/2-1/2"]
[Termination "normal"]
[Board "25"]
[WhiteElo "1001"]
[BlackElo "1207"]
[PlyCount "100"]
[WhiteFideId "12918148"]
[BlackFideId "24661511"]
[EventCountry "GER"]
[EventRounds "11"]
[EventType "swiss"]
[EventDate "2008.05.10"]

1. d4 Nf6 2. c4 g6 3. Nc3 Bg7 4. e4 d6 5. e5 dxe5 6. dxe5 Qxd1+ 7. Nxd1 Nfd7 8.
f4 e6 9. Nf3 O-O 10. h4 h5 11. Ne3 Nc6 12. g4 hxg4 13. Nxg4 b6 14. h5 gxh5 15.
Rxh5 Bb7 16. Rg5 f6 17. exf6 Nxf6 18. Nxf6+ Rxf6 19. b3 Nb4 20. Kf2 Rf5 21.
Rxf5 exf5 22. Ne5 Nc6 23. Bb2 Re8 24. Nd3 Bxb2 25. Nxb2 Re4 26. Nd3 Nd4 27. Re1
Rxe1 28. Kxe1 Ne6 29. Kf2 Kf7 30. Kg3 Kg6 31. Bh3 Kf6 32. Ne5 Nd4 33. Kf2 Nc6
34. Nxc6 Bxc6 35. Bg2 Bxg2 36. Kxg2 Kg6 37. Kh3 Kh5 38. Kg3 a6 39. b4 c5 40.
bxc5 bxc5 41. a4 a5 42. Kh3 Kg6 43. Kh4 Kh6 44. Kg3 Kh5 45. Kh3 Kg6 46. Kh4 Kh6
47. Kg3 Kh5 48. Kh3 Kg6 49. Kh4 Kh6 50. Kg3 Kh5 1/2-1/2

[Event "DEM U10/U10w 2008"]
[Site "Willingen GER"]
[Date "2008.05.12"]
[Round "3"]
[White "Weber, Sandra"]
[Black "Riehle, Marco"]
[Result "0-1"]
[Termination "normal"]
[Board "26"]
[WhiteElo "1195"]
[BlackElo "1000"]
[PlyCount "148"]
[WhiteFideId "1270049"]
[BlackFideId "12904392"]
[EventCountry "GER"]
[EventRounds "11"]
[EventType "swiss"]
[EventDate "2008.05.10"]

1. e4 e5 2. Nf3 Nc6 3. Bb5 a6 4. Ba4 Nf6 5. O-O b5 6. Bb3 Bc5 7. c3 O-O 8. Re1
d6 9. d4 exd4 10. cxd4 Bb4 11. Re3 Bg4 12. Bc2 Nxd4 13. Qxd4 Bc5 14. Qd3 Bxe3
15. Qxe3 d5 16. e5 Re8 17. Qf4 Bxf3 18. Qxf3 Rxe5 19. Bd2 Qe7 20. h3 Ne4 21.
Qd3 f5 22. Bf4 Nc5 23. Qg3 Re1+ 24. Kh2 Ne4 25. Qf3 Qh4 26. g3 Qf6 27. Qb3 Qc6
28. Kg2 Kh8 29. a4 Nc5 30. Qc3 d4+ 31. Qf3 Rg1+ 32. Kxg1 Qxf3 33. Nd2 Qd5 34.
axb5 axb5 35. Re1 d3 36. Bd1 Ne4 37. Bf3 Re8 38. h4 Qd4 39. Be3 Qxb2 40. Rd1
Nxd2 41. Rxd2 Qa3 42. Kg2 c5 43. Bc6 Rb8 44. Bf4 Rb6 45. Bd7 g6 46. Bc7 Rb7 47.
Be5+ Kg8 48. Be6+ Kf8 49. Bd6+ Ke8 50. Bd5 Ra7 51. Bc6+ Kf7 52. Bxb5 Qb4 53.
Bxc5 Qxd2 54. Bxa7 Qc2 55. Bxd3 Qxd3 56. Be3 Qe4+ 57. Kf1 Qg4 58. Bf4 Qf3 59.
Kg1 Ke6 60. Kf1 Kd5 61. Ke1 Kd4 62. Be3+ Qxe3+ 63. fxe3+ Kxe3 64. g4 fxg4 65.
Kf1 Kf3 66. Kg1 g3 67. Kf1 g2+ 68. Kg1 Kg3 69. h5 Kf3 70. h6 g5 71. Kh2 Kf2 72.
Kh3 g1=R 73. Kh2 Rg3 74. Kh1 Rh3# 0-1

[Event "DEM U10/U10w 2008"]
[Site "Willingen GER"]
[Date "2008.05.12"]
[Round "3"]
[White "Nobis, Anna"]
[Black "Baberz, Alexander"]
[Result "1-0"]
[Termination "normal"]
[Board "28"]
[WhiteElo "1189"]
[BlackElo "984"]
[PlyCount "43"]
[WhiteFideId "1270302"]
[BlackFideId "12921734"]
[EventCountry "GER"]
[EventRounds "11"]
[EventType "swiss"]
[EventDate "2008.05.10"]

1. e4 c5 2. Nf3 d6 3. d4 cxd4 4. Nxd4 Nf6 5. Nc3 a6 6. f3 e5 7. Nb3 Be6 8. Be3
Be7 9. Qd2 O-O 10. O-O-O Nbd7 11. Be2 Qc7 12. Kb1 b5 13. g3 Qc6 14. Na5 Qc7 15.
Nb3 Rfb8 16. f4 b4 17. Nd5 Bxd5 18. exd5 Nc5 19. Bxc5 dxc5 20. d6 Qc6 21. dxe7
Ne4 22. Qd8+ 1-0

[Event "DEM U10/U10w 2008"]
[Site "Willingen GER"]
[Date "2008.05.12"]
[Round "3"]
[White "Dresig, Moritz"]
[Black "Boes, Julian"]
[Result "1-0"]
[Termination "normal"]
[Board "29"]
[WhiteElo "1181"]
[BlackElo "966"]
[PlyCount "95"]
[WhiteFideId "1270307"]
[BlackFideId "12907723"]
[EventCountry "GER"]
[EventRounds "11"]
[EventType "swiss"]
[EventDate "2008.05.10"]

1. e4 e5 2. Nf3 Nf6 3. Nxe5 d6 4. Nf3 Nxe4 5. Qe2 Qe7 6. d3 Nf6 7. Bg5 Be6 8.
Nc3 Nbd7 9. g3 g6 10. Bg2 Bg7 11. Nd4 Rb8 12. O-O O-O 13. Nd5 Qd8 14. Nxe6 fxe6
15. Qxe6+ Kh8 16. Qh3 Re8 17. Nf4 Ne5 18. d4 Nf7 19. Nxg6+ Kg8 20. Bxf6 Qxf6
21. Nf4 Qxd4 22. c3 Qb6 23. Rab1 Re5 24. Qg4 Rbe8 25. h4 Nh6 26. Qd7 R5e7 27.
Qa4 Be5 28. Nd5 Qc5 29. Nxe7+ Rxe7 30. Qb4 Qxb4 31. cxb4 Nf5 32. Bd5+ Kg7 33.
Bxb7 Re6 34. Bc8 Rf6 35. Bxf5 Rxf5 36. Rfc1 d5 37. Rd1 Bd6 38. a3 c6 39. Rbc1
Be5 40. Rxc6 Bxb2 41. Rc7+ Kg6 42. Rxa7 d4 43. a4 Bc3 44. b5 Rd5 45. b6 d3 46.
b7 Rd8 47. Ra8 Rxa8 48. bxa8=Q 1-0

[Event "DEM U10/U10w 2008"]
[Site "Willingen GER"]
[Date "2008.05.12"]
[Round "3"]
[White "Greßmann, Moritz"]
[Black "Hamacher, Emily"]
[Result "1-0"]
[Termination "normal"]
[Board "31"]
[WhiteElo "1172"]
[BlackElo "847"]
[PlyCount "45"]
[WhiteFideId "24695084"]
[EventCountry "GER"]
[EventRounds "11"]
[EventType "swiss"]
[EventDate "2008.05.10"]

1. e4 d5 2. exd5 Nf6 3. d4 Bg4 4. Be2 Bxe2 5. Nxe2 Nxd5 6. O-O Nc6 7. c4 Nf6 8.
Nbc3 Qd7 9. Bf4 O-O-O 10. d5 Nb4 11. a3 e5 12. axb4 exf4 13. Rxa7 Kb8 14. Qa1
c6 15. Ra8+ Kc7 16. Qa5+ Kd6 17. Rxd8 Qxd8 18. Qxd8+ Nd7 19. c5+ Ke5 20. Qc7+
Kf6 21. Ne4+ Kf5 22. Qxf4+ Kg6 23. Qg5# 1-0

[Event "DEM U10/U10w 2008"]
[Site "Willingen GER"]
[Date "2008.05.12"]
[Round "3"]
[White "Hälterlein, Anna"]
[Black "Allin, Alexander"]
[Result "1/2-1/2"]
[Termination "normal"]
[Board "32"]
[WhiteElo "841"]
[BlackElo "1156"]
[PlyCount "112"]
[BlackFideId "12903698"]
[EventCountry "GER"]
[EventRounds "11"]
[EventType "swiss"]
[EventDate "2008.05.10"]

1. d4 d5 2. c4 e6 3. Nc3 Nf6 4. Bg5 Nbd7 5. Nf3 h6 6. Bxf6 Nxf6 7. e3 b6 8. Rc1
Ba6 9. Qb3 Qd7 10. Ne5 dxc4 11. Bxc4 Bxc4 12. Qxc4 Qc8 13. Qc6+ Ke7 14. Nb5 Nd5
15. Nxc7 Qxc7 16. Qxc7+ Nxc7 17. Rxc7+ Ke8 18. Rxf7 Rc8 19. Kd2 Bb4+ 20. Kd3
Rf8 21. Rxf8+ Kxf8 22. a3 Bd6 23. g4 Bxe5 24. dxe5 Rc5 25. f4 g5 26. b4 Rd5+
27. Ke4 Rd2 28. h4 gxf4 29. Rf1 Rh2 30. Rxf4+ Ke7 31. g5 hxg5 32. hxg5 Rg2 33.
Rh4 Rxg5 34. Rh7+ Kd8 35. Rxa7 Kc8 36. Kf4 Rg2 37. Re7 Rg6 38. a4 Kd8 39. Rh7
Kc8 40. a5 bxa5 41. bxa5 Kb8 42. Ke4 Rg4+ 43. Kf3 Rb4 44. Re7 Rb5 45. Rxe6 Rxa5
46. Rd6 Rxe5 47. Rd2 Ra5 48. Kf4 Kc7 49. e4 Rb5 50. e5 Kc8 51. e6 Rb1 52. Rf2
Kd8 53. Kf5 Ke8 54. Kf6 Re1 55. Rg2 Rf1+ 56. Ke5 Re1+ 1/2-1/2

[Event "DEM U10/U10w 2008"]
[Site "Willingen GER"]
[Date "2008.05.12"]
[Round "3"]
[White "Müller, Max"]
[Black "Scholz, Robert"]
[Result "0-1"]
[Termination "normal"]
[Board "33"]
[WhiteElo "800"]
[BlackElo "1295"]
[PlyCount "102"]
[WhiteFideId "12900486"]
[BlackFideId "1270301"]
[EventCountry "GER"]
[EventRounds "11"]
[EventType "swiss"]
[EventDate "2008.05.10"]

1. e4 e5 2. Nf3 Nc6 3. Bc4 Bc5 4. c3 Nf6 5. d3 d6 6. b4 Bb6 7. O-O h6 8. a4 a6
9. d4 exd4 10. cxd4 O-O 11. Nc3 Bg4 12. Be3 Re8 13. h3 Bh5 14. d5 Ne5 15. Be2
Ned7 16. Bxb6 Nxb6 17. Bd3 Nbd7 18. Re1 Rc8 19. b5 a5 20. Rc1 b6 21. g4 Bg6 22.
Nd4 Nc5 23. Nc6 Qd7 24. f3 Nb7 25. Rc2 Nd8 26. Re3 Nxc6 27. bxc6 Qe7 28. Qe2
Qe5 29. Rc1 Qg3+ 30. Qg2 Qxg2+ 31. Kxg2 Ra8 32. Nb5 Re7 33. Rce1 Rae8 34. R1e2
Nh7 35. Nc3 f6 36. Nb5 Bf7 37. Nc3 g6 38. Re1 Nf8 39. R1e2 g5 40. Re1 Ng6 41.
Kh2 Nh4 42. Kg3 Bg6 43. R1e2 f5 44. Kf2 f4 45. e5 fxe3+ 46. Rxe3 Bxd3 47. Rxd3
Rxe5 48. Nb5 Re2+ 49. Kf1 Re1+ 50. Kf2 R8e2+ 51. Kg3 Rg2# 0-1

[Event "DEM U10/U10w 2008"]
[Site "Willingen GER"]
[Date "2008.05.12"]
[Round "3"]
[White "Brandl, Lea Maria"]
[Black "Schmekel, Florian"]
[Result "1-0"]
[Termination "normal"]
[Board "34"]
[WhiteElo "972"]
[BlackElo "1182"]
[PlyCount "57"]
[WhiteFideId "24693049"]
[BlackFideId "12913456"]
[EventCountry "GER"]
[EventRounds "11"]
[EventType "swiss"]
[EventDate "2008.05.10"]

1. d4 d5 2. c4 c6 3. Nc3 Bf5 4. Nf3 e6 5. Bg5 Nf6 6. e3 h6 7. Bh4 g5 8. Bg3
Nbd7 9. cxd5 exd5 10. Bd3 Bxd3 11. Qxd3 Bg7 12. O-O O-O 13. Rac1 Re8 14. Rfe1
Ne4 15. Ne2 Nb6 16. b3 Qf6 17. Be5 Qg6 18. Bxg7 Kxg7 19. Ne5 Qf5 20. f3 Nd6 21.
Qc3 Nd7 22. Ng3 Qe6 23. Nh5+ Kg8 24. Nxd7 Nb5 25. Ndf6+ Kf8 26. Qc5+ Nd6 27.
Nxe8 Rxe8 28. e4 dxe4 29. Rxe4 1-0

[Event "DEM U10/U10w 2008"]
[Site "Willingen GER"]
[Date "2008.05.12"]
[Round "3"]
[White "Mager, Denis"]
[Black "Böhme, Mathis"]
[Result "1/2-1/2"]
[Termination "normal"]
[Board "35"]
[WhiteElo "1145"]
[BlackElo "1019"]
[PlyCount "87"]
[WhiteFideId "24691127"]
[BlackFideId "12900443"]
[EventCountry "GER"]
[EventRounds "11"]
[EventType "swiss"]
[EventDate "2008.05.10"]

1. d4 Nf6 2. c4 e5 3. dxe5 Ne4 4. Nd2 Bb4 5. a3 Bxd2+ 6. Bxd2 Nxd2 7. Qxd2 O-O
8. e4 Re8 9. Nf3 Nc6 10. Qc3 Qe7 11. Bd3 Nxe5 12. Nxe5 Qxe5 13. Qxe5 Rxe5 14.
f4 Re7 15. O-O-O b6 16. Bc2 Bb7 17. Rhe1 d6 18. Rd2 f5 19. e5 Rae8 20. Bxf5
dxe5 21. Rxe5 Rxe5 22. fxe5 Rxe5 23. Bc8 Re1+ 24. Kc2 Bxc8 25. Rd8+ Kf7 26.
Rxc8 Re2+ 27. Kc3 c5 28. Rc7+ Re7 29. Rxe7+ Kxe7 30. b4 Kd6 31. Kd3 Ke5 32. Ke3
g6 33. g3 a5 34. bxa5 bxa5 35. a4 h5 36. h4 Kf5 37. Kf3 g5 38. hxg5 Kxg5 39.
Ke3 Kg4 40. Kf2 Kf5 41. Kf3 Ke5 42. Ke3 Kf5 43. Kf3 Kg5 44. Kf2 1/2-1/2

[Event "DEM U10/U10w 2008"]
[Site "Willingen GER"]
[Date "2008.05.12"]
[Round "3"]
[White "Petermann, Tessa"]
[Black "Oelfke, Nils Lukas"]
[Result "1/2-1/2"]
[Termination "normal"]
[Board "36"]
[WhiteElo "1124"]
[BlackElo "921"]
[PlyCount "95"]
[WhiteFideId "12929492"]
[EventCountry "GER"]
[EventRounds "11"]
[EventType "swiss"]
[EventDate "2008.05.10"]

1. e4 e5 2. Nf3 Nf6 3. Nxe5 d6 4. Nf3 Nxe4 5. Bc4 d5 6. Be2 Bd6 7. d3 Nf6 8.
Nc3 c6 9. Be3 c5 10. d4 Qb6 11. dxc5 Qxb2 12. cxd6 Qxc3+ 13. Bd2 Qc6 14. Bf4
Ne4 15. Rb1 Nc3 16. Rb3 Nxd1 17. Bb5 Nxf2 18. Bxc6+ Nxc6 19. Kxf2 O-O 20. Re1
b6 21. Kg1 Bf5 22. Rc3 Rac8 23. Nh4 Be6 24. a3 h6 25. Bd2 Nd4 26. Rg3 g5 27.
Nf3 Nxf3+ 28. Rxf3 Rxc2 29. Bc1 Rc4 30. Rg3 Rg4 31. Rf3 Rd8 32. h3 Rc4 33. Rg3
Rxd6 34. h4 Rxh4 35. Rf1 Rg4 36. Rh3 Rh4 37. Rxh4 gxh4 38. Bxh6 h3 39. Rf2 hxg2
40. Rxg2+ Kh7 41. Rh2 Bh3 42. Bf4 Rf6 43. Rxh3+ Kg6 44. Bb8 a6 45. Rd3 Rf5 46.
Rc3 d4 47. Rc6+ Kg5 48. Rxb6 1/2-1/2

[Event "DEM U10/U10w 2008"]
[Site "Willingen GER"]
[Date "2008.05.12"]
[Round "3"]
[White "Kempe, Anne"]
[Black "Schwarz, Larissa"]
[Result "1-0"]
[Termination "normal"]
[Board "37"]
[WhiteElo "1103"]
[BlackElo "898"]
[PlyCount "109"]
[WhiteFideId "12918083"]
[BlackFideId "24699004"]
[EventCountry "GER"]
[EventRounds "11"]
[EventType "swiss"]
[EventDate "2008.05.10"]

1. e4 c5 2. Nf3 e6 3. d4 cxd4 4. Nxd4 a6 5. Nc3 Qc7 6. Bd3 Nf6 7. Be3 Bb4 8.
Qd2 d5 9. exd5 Nxd5 10. O-O Nxc3 11. a3 Nd5 12. axb4 Nf6 13. c3 e5 14. Nb3 e4
15. Bc2 O-O 16. Rfe1 b5 17. Bf4 Qc6 18. Re2 Bb7 19. Rae1 Re8 20. Re3 Nbd7 21.
Qd4 Qc4 22. Qxc4 bxc4 23. Nd4 Nb6 24. Bg3 Nbd5 25. R3e2 Nb6 26. Nf5 Bd5 27. Nd6
Re6 28. Nxe4 Bxe4 29. Bxe4 Rae8 30. Bf3 Rxe2 31. Rxe2 Rd8 32. h4 h6 33. Kh2 Rd1
34. Bb7 Ra1 35. Bc7 Nbd5 36. Ba5 Nf4 37. Rd2 Nd3 38. Bxa6 Ne4 39. Re2 Nexf2 40.
Bxc4 Ng4+ 41. Kg3 Nge5 42. Bd5 Kh7 43. Be4+ g6 44. Bxd3 Nxd3 45. Kf3 f6 46. Bd8
Ne5+ 47. Ke4 Kg7 48. b5 Ra8 49. Bc7 Ra7 50. b6 Rb7 51. Kd5 Kf7 52. c4 Ke7 53.
c5 Kd7 54. Bxe5 fxe5 55. c6+ 1-0

[Event "DEM U10/U10w 2008"]
[Site "Willingen GER"]
[Date "2008.05.12"]
[Round "3"]
[White "Hösch, Peter"]
[Black "Sadjjadi, Anahita"]
[Result "1-0"]
[Termination "normal"]
[Board "38"]
[WhiteElo "1340"]
[BlackElo "863"]
[PlyCount "33"]
[EventCountry "GER"]
[EventRounds "11"]
[EventType "swiss"]
[EventDate "2008.05.10"]

1. e4 d5 2. exd5 Qxd5 3. Nc3 Qa5 4. Nf3 c6 5. d4 Nf6 6. Bd2 Bg4 7. Ne4 Bxf3 8.
Qxf3 Qb6 9. Bc3 e6 10. a3 Be7 11. O-O-O O-O 12. Bd3 Nbd7 13. Ng5 h6 14. Ne4
Nxe4 15. Qxe4 Bg5+ 16. f4 Be7 17. Qh7# 1-0

[Event "DEM U10/U10w 2008"]
[Site "Willingen GER"]
[Date "2008.05.12"]
[Round "3"]
[White "Falk, Frederike"]
[Black "Damm, Nils"]
[Result "0-1"]
[Termination "normal"]
[Board "39"]
[WhiteElo "918"]
[BlackElo "1109"]
[PlyCount "60"]
[BlackFideId "24693065"]
[EventCountry "GER"]
[EventRounds "11"]
[EventType "swiss"]
[EventDate "2008.05.10"]

1. e4 e5 2. Nf3 Nc6 3. Bc4 Nf6 4. Nc3 Bc5 5. d3 d6 6. Bg5 h6 7. Bh4 g5 8. Bg3
Bg4 9. Bb5 h5 10. h3 Bd7 11. Nxg5 Qe7 12. Qd2 a6 13. Bxc6 Bxc6 14. O-O-O a5 15.
f4 a4 16. f5 a3 17. b3 b5 18. Rhf1 b4 19. Ne2 d5 20. Bf2 Rd8 21. Bxc5 Qxc5 22.
Qe1 Qe3+ 23. Qd2 Qc5 24. Rf3 dxe4 25. Re3 Rg8 26. Nxe4 Nxe4 27. dxe4 Rxd2 28.
Rxd2 Qxe3 29. Kd1 Rxg2 30. f6 Qxh3 0-1

[Event "DEM U10/U10w 2008"]
[Site "Willingen GER"]
[Date "2008.05.12"]
[Round "3"]
[White "Marach, Jonas"]
[Black "Wagner, Swenja"]
[Result "1-0"]
[Termination "normal"]
[Board "40"]
[WhiteElo "1000"]
[BlackElo "832"]
[PlyCount "125"]
[WhiteFideId "1270493"]
[BlackFideId "12900494"]
[EventCountry "GER"]
[EventRounds "11"]
[EventType "swiss"]
[EventDate "2008.05.10"]

1. e4 e5 2. Nf3 Nc6 3. Bc4 Bc5 4. c3 Nf6 5. d4 exd4 6. cxd4 Bb4+ 7. Bd2 Bxd2+
8. Nbxd2 d5 9. exd5 Nxd5 10. Qb3 Be6 11. Qxb7 Na5 12. Qb5+ c6 13. Qc5 Nxc4 14.
Nxc4 Ne7 15. Nd6+ Kf8 16. Ng5 Bd5 17. b3 f6 18. Nf3 h5 19. Nf5 Qd7 20. Qxe7+
Qxe7+ 21. Nxe7 Kxe7 22. Ke2 Rac8 23. Rhe1 c5 24. Kd3+ Kf7 25. Rac1 cxd4 26.
Rxc8 Rxc8 27. Kxd4 Rd8 28. Kc5 Bxf3 29. gxf3 Rc8+ 30. Kb4 Rc2 31. a4 Rxf2 32.
Rd1 Rxf3 33. Rd7+ Kg6 34. Rxa7 Rf4+ 35. Ka3 f5 36. a5 Re4 37. a6 f4 38. Rc7 f3
39. a7 Re8 40. Re7 Ra8 41. Re1 Rxa7+ 42. Kb2 f2 43. Rf1 Rf7 44. Kc2 Kh6 45. Kd2
g5 46. Ke2 g4 47. Rxf2 Rxf2+ 48. Kxf2 h4 49. b4 g3+ 50. hxg3 h3 51. Kg1 Kh5 52.
b5 Kg4 53. b6 Kxg3 54. b7 h2+ 55. Kh1 Kh3 56. b8=Q Kg4 57. Qf8 Kh3 58. Qg7 Kh4
59. Kxh2 Kh5 60. Kg2 Kh4 61. Kf3 Kh5 62. Kf4 Kh4 63. Qg4# 1-0

[Event "DEM U10/U10w 2008"]
[Site "Willingen GER"]
[Date "2008.05.12"]
[Round "3"]
[White "Wallat, Jessica"]
[Black "Janke, Hendrik"]
[Result "0-1"]
[Termination "normal"]
[Board "41"]
[WhiteElo "760"]
[BlackElo "999"]
[PlyCount "112"]
[WhiteFideId "12909637"]
[BlackFideId "12921831"]
[EventCountry "GER"]
[EventRounds "11"]
[EventType "swiss"]
[EventDate "2008.05.10"]

1. e4 e5 2. Bc4 Nf6 3. d3 Be7 4. Nf3 d6 5. O-O Nc6 6. Nc3 Bg4 7. h3 Bh5 8. Bg5
Nd4 9. g4 Nxf3+ 10. Qxf3 Bg6 11. Rae1 O-O 12. Qg3 h6 13. Be3 Qd7 14. Nd5 Nxd5
15. Bxd5 c6 16. Bb3 Bf6 17. c4 Qd8 18. Rd1 Bg5 19. Bd2 Bxd2 20. Rxd2 a5 21. a4
Qg5 22. Rfd1 f6 23. c5+ Bf7 24. Bxf7+ Rxf7 25. d4 Rd8 26. h4 Qg6 27. f3 dxc5
28. dxc5 Rxd2 29. Rxd2 f5 30. exf5 Rxf5 31. Rg2 Rf4 32. h5 Qg5 33. Qe1 Rxa4 34.
Rd2 Ra1 35. Rd1 Rxd1 36. Qxd1 e4 37. Qe2 Qxc5+ 38. Kh1 exf3 39. Qxf3 Qd5 40.
Qxd5+ cxd5 41. Kg2 Kf7 42. Kf3 Ke6 43. Ke3 Ke5 44. Kd3 b5 45. b3 d4 46. Kd2 Ke4
47. Kd1 Ke3 48. Ke1 d3 49. Kd1 d2 50. b4 axb4 51. Kc2 b3+ 52. Kd1 b2 53. Kc2
d1=Q+ 54. Kc3 Qd4+ 55. Kb3 b1=R+ 56. Ka3 Qa4# 0-1

[Event "DEM U10/U10w 2008"]
[Site "Willingen GER"]
[Date "2008.05.12"]
[Round "3"]
[White "Hümmecke, Sarah"]
[Black "Schramm, Anna-Lena"]
[Result "1-0"]
[Termination "normal"]
[Board "42"]
[WhiteElo "997"]
[BlackElo "780"]
[PlyCount "63"]
[BlackFideId "12918237"]
[EventCountry "GER"]
[EventRounds "11"]
[EventType "swiss"]
[EventDate "2008.05.10"]

1. e4 d5 2. exd5 Qxd5 3. Nc3 Qa5 4. Nf3 e5 5. Be2 a6 6. O-O f5 7. d3 Nc6 8. Bd2
Nd4 9. Nxd4 exd4 10. Nb1 Qd5 11. c3 Bd6 12. g3 dxc3 13. Bxc3 Qe6 14. Bxg7 f4
15. Bxh8 b6 16. Bg4 Qg6 17. Bh5 Qxh5 18. Qxh5+ Kd8 19. Re1 Bd7 20. Qxh7 Be6 21.
Rxe6 Ne7 22. Bf6 Kd7 23. Qe4 Nc8 24. Qxa8 a5 25. Qe4 c6 26. Nd2 Kc7 27. Be7 Kd7
28. Bxd6 Nxd6 29. Re7+ Kd8 30. Qe5 Nb5 31. Rh7 Kc8 32. Qh8# 1-0

[Event "DEM U10/U10w 2008"]
[Site "Willingen GER"]
[Date "2008.05.12"]
[Round "3"]
[White "Moses, Selina"]
[Black "Schröder, Janina"]
[Result "1-0"]
[Termination "normal"]
[Board "43"]
[WhiteElo "954"]
[BlackElo "738"]
[PlyCount "45"]
[WhiteFideId "12908070"]
[BlackFideId "24693138"]
[EventCountry "GER"]
[EventRounds "11"]
[EventType "swiss"]
[EventDate "2008.05.10"]

1. e4 e5 2. Nf3 Nc6 3. Bc4 Bc5 4. Nc3 Nf6 5. d3 d6 6. h3 O-O 7. O-O Be6 8. Bb3
a6 9. Bg5 h6 10. Bh4 Nd4 11. Nxd4 Bxd4 12. Bd5 Bxd5 13. Nxd5 Bxb2 14. Nxf6+
gxf6 15. Rb1 Bd4 16. Qf3 Kh7 17. Bxf6 Qd7 18. Rxb7 Rac8 19. Rfb1 Ra8 20. Rxc7
Qxc7 21. Qf5+ Kg8 22. Qg4+ Kh7 23. Qg7# 1-0

[Event "DEM U10/U10w 2008"]
[Site "Willingen GER"]
[Date "2008.05.13"]
[Round "5"]
[White "Donchenko, Alexander"]
[Black "Bluhm, Sonja Maria"]
[Result "1/2-1/2"]
[Termination "normal"]
[Board "1"]
[WhiteElo "1814"]
[BlackElo "1520"]
[PlyCount "56"]
[WhiteFideId "24603295"]
[BlackFideId "24654027"]
[EventCountry "GER"]
[EventRounds "11"]
[EventType "swiss"]
[EventDate "2008.05.10"]

1. d4 Nf6 2. Nf3 g6 3. c4 Bg7 4. Nc3 O-O 5. e4 d6 6. Be2 e5 7. h3 Nc6 8. Be3
Nd7 9. O-O h6 10. Qd2 Kh7 11. Rfd1 f5 12. exf5 gxf5 13. dxe5 dxe5 14. g3 Ne7
15. Rac1 a6 16. b4 Ng6 17. Nd5 Rg8 18. Qc2 e4 19. Nd4 Nf6 20. Nf4 Qe8 21. c5
Nxf4 22. Bxf4 Nd5 23. Nb5 axb5 24. Rxd5 Be6 25. Rd2 Rxa2 26. Qd1 Rxd2 27. Qxd2
c6 28. Qd6 Qd7 1/2-1/2